000
00219nam a2200097Ia 4500
005
20251222114345.0
008
251222s1900||||xx |||||||||||||| ||spa||
082
_a
DVD0092/B45/2006
245
0
_a
Cristo Moreno:
942
_c
DVD
999
_c
1006
_d
1006